Normal view MARC view
  • KUSAKA HIDENORI

Entry Personal Name

Number of records used in: 15

001 - CONTROL NUMBER

  • control field: 7698

003 - CONTROL NUMBER IDENTIFIER

  • control field: OSt

005 - DATE AND TIME OF LATEST TRANSACTION

  • control field: 20230714134056.0

008 - FIXED-LENGTH DATA ELEMENTS

  • fixed length control field: 230714|| aca||aabn | a|a d

040 ## - CATALOGING SOURCE

  • Original cataloging agency: OSt
  • Transcribing agency: OSt

100 ## - HEADING--PERSONAL NAME

  • Personal name: KUSAKA HIDENORI

670 ## - SOURCE DATA FOUND

  • Source citation: Work cat.: (OSt)12374: KUSAKA HIDENORI, POKEMON ADVENTURES-V0L-10, 2022

Powered by Koha